[Event "BIH-chT"]
[Site "Neum"]
[Date "2002.06.03"]
[Round "2.1"]
[White "Lekic, Dusan"]
[Black "Lputian, Smbat G"]
[Result "1/2-1/2"]
[WhiteElo "2410"]
[BlackElo "2634"]
[Annotator "Psakhis,L"]
[PlyCount "59"]
[EventDate "2002.06.02"]
[EventType "team"]
[EventRounds "9"]
[EventCountry "BIH"]
[SourceTitle "CBM 090"]
[Source "ChessBase"]
[SourceDate "2002.09.20"]
[SourceVersion "1"]
[SourceVersionDate "2002.09.20"]
[SourceQuality "1"]
[WhiteTeam "Banja Luka"]
[BlackTeam "Kiseljak"]
[WhiteTeamCountry "BIH"]
[BlackTeamCountry "BIH"]

1. e4 e6 2. d4 d5 3. Nc3 Bb4 4. e5 c5 5. a3 Ba5 {Again and again Armenian
chessplayer use this sharp and quite dubious from positional point of view
line.} 6. b4 cxd4 7. Nb5 (7. Qg4 $5) 7... Bc7 8. f4 Bd7 9. Nxc7+ Qxc7 10. Bd3 (
10. Nf3 a6 11. a4 Ne7 12. Bd3 Nf5 13. O-O Nc6 14. Qe1 Qb6 15. Rb1 Nce7 16. b5
axb5 17. axb5 Ne3 18. Rf2 Nc4 19. h3 Nf5 20. Re2 h5 21. Qf2 Ra4 22. Re1 g6 23.
Bxf5 exf5 24. Nxd4 O-O {Anand,V-Lputian,S/Wijk aan Zee-A 2000/CBM 75/[Psakhis,
L]/1-0 (61)}) (10. Bb2 Ba4 11. Bd3 Nc6 12. Nf3 Nge7 13. O-O a6 14. Qe2 Qb6 15.
Qf2 Bb5 16. Bxd4 Nxd4 17. Nxd4 Bxd3 18. cxd3 Rc8 19. Rac1 O-O $11 {0-1 Hall,
J-Vaganian,R/BL 9900 2000 (45)}) 10... a6 ({Worse attention} 10... Ba4 {
and after for example} 11. Ne2 Nc6 12. O-O Nge7 13. b5 Na5 14. Qd2 Qb6 15. Rb1
Nc4 $15 {0-1 Van den Doel,E-Werle,J/Windesheim op 2002 (32) Black got great
game.}) 11. Nf3 $5 $146 (11. a4 Nc6 12. Bd2 a5 13. b5 Nb4 14. Nf3 Nxd3+ 15.
cxd3 Qb6 16. O-O Ne7 17. Nh4 O-O 18. g4 f6 19. exf6 Rxf6 20. Qe2 Raf8 21. Rae1
Ng6 $15 {Skolarski,H-Vaganian,R/Porz DPMM 2000/EXT 2001/0-1 (59)}) 11... Bb5 {
Black managed to exchange light-squared bishops , but he has to pay big price
for it - his pawn formation is seriously compromised on the queenside} (11...
Ne7 $5) (11... Nc6 $5) 12. Bxb5+ axb5 13. O-O Ne7 14. Bb2 Nbc6 15. Bxd4 $1 {
[%cal Gd4c5]} Nxd4 (15... Nf5 16. Bf2 O-O 17. Qd3 $14 {[%csl Rb5]}) (15... Ng6
16. Be3) 16. Nxd4 $14 {Playing quite naturally White has reached a
particularly good position} Qb6 (16... O-O 17. Rf2 (17. Nxb5 $2 Qb6+ 18. Nd4
Nf5 19. c3 Ne3 $17) 17... Qb6 (17... Qc4 18. Qd3 Qxd3 19. cxd3 Nc6 20. Nxb5
Nxb4 21. Rd2 $14) 18. Qd3 $14) 17. Qd3 Nc6 18. c3 Nxd4 19. cxd4 Rc8 $5 (19...
O-O 20. f5 (20. Rac1 $5)) 20. f5 Rc4 21. fxe6 (21. Rad1 exf5 22. Qxf5 O-O 23.
Rf4 $14) 21... Qxe6 (21... fxe6 $2 {[%csl Re8]}) 22. Rf4 O-O 23. Raf1 {Now
Black should have stuck to a passive defense} Qd7 (23... Qc6 24. Qg3) 24. h3
Rc7 25. Rh4 h6 $8 26. Qg3 ({It will be very difficult to defend black's
position after} 26. Rg4 $142 $1 {for example} Rfc8 (26... Rc6 27. Qxb5 Rfc8 28.
Rgf4 $18) (26... Kh8 27. Rg6 $1 Qe7 (27... fxg6 28. Rxf8+ Kh7 29. Qf3) 28. Rb6
$18) 27. Qg3 g6 28. Qf4 $16) 26... Rc6 27. Rf6 (27. Rg4 $5 f5 $5) 27... Kh8 28.
Qf4 Qd8 29. Rhxh6+ $2 {Strange decision!} ({After} 29. Rh5 $142 {[%cal Gf6d6]
Lekic could play for a win without any risk, for instance:} Rxf6 $6 30. exf6
Qxf6 31. Qxf6 gxf6 32. Rxd5 Ra8 33. Rxb5 Rxa3 34. Rxb7 $18) 29... gxh6 30.
Qxh6+ 1/2-1/2

[Event "Noyabrsk Fakel Jamala"]
[Site "Noyabrsk"]
[Date "2003.11.22"]
[Round "5"]
[White "Baklan, Vladimir"]
[Black "Reutsky, Sergei"]
[Result "1/2-1/2"]
[WhiteElo "2600"]
[BlackElo "2341"]
[Annotator "Psakhis,L"]
[PlyCount "72"]
[EventDate "2003.11.18"]
[EventType "tourn"]
[EventRounds "11"]
[EventCountry "RUS"]
[EventCategory "10"]
[SourceTitle "CBM 099"]
[Source "ChessBase"]
[SourceDate "2004.03.30"]
[SourceVersion "1"]
[SourceVersionDate "2004.03.30"]
[SourceQuality "1"]

1. e4 e6 2. d4 d5 3. Nc3 Bb4 4. e5 c5 5. a3 Bxc3+ 6. bxc3 Qc7 7. Qg4 f5 8. exf6
(8. Qh5+ g6 9. Qd1 Bd7) (8. Qg3 cxd4 9. cxd4 Ne7 10. Bd2 O-O 11. Bd3 b6 $5 $13
{[%cal Gc8a6]}) 8... Nxf6 9. Qg3 Qe7 (9... Qf7 10. Nf3 Ne4 11. Qh4 c4 12. Bxc4
Qc7 13. Ne5 O-O 14. O-O Nc6 15. Nxc6 Qxc6 16. Bd3 Qxc3 17. Be3 Nf6 18. Rfe1 Bd7
19. Rab1 Ba4 {Van Kerkhof,D-Schmitz,A/Dieren op 2003/1-0 (42)}) (9... Qxg3 10.
hxg3 Bd7 $5 11. Nf3 Ba4 12. dxc5 Nbd7 13. Rh4 Bxc2 14. Nd4 Bf5 15. Be3 O-O 16.
c6 bxc6 17. Nxc6 $36 {0-1 Dobrowolski,A-Zielinska,M/Barlinek Lasker mem 2001/ 
(23)}) ({Worth considering} 9... Qa5 $5 10. Bd2 O-O {with interesting game})
10. Bg5 (10. Bf4 $5 Nh5 11. Qg4 Nxf4 12. Qxf4 c4 13. Nf3 Nc6 14. g3 Qf6 15. Qe3
O-O 16. Bg2 Bd7 17. O-O Rae8 18. Rae1 $14 {Shirov,A-Short,N/Sarajevo 2000 1-0 
(60)}) 10... Nc6 $146 (10... cxd4 11. cxd4 Nc6 12. Nf3 O-O 13. Bd3 Qf7 14. Qh4
h6 15. Be3 Nh5 16. O-O Nf4 17. Bxf4 Qxf4 18. Qxf4 Rxf4 19. c3 $14 {[%csl Re5]
1/2-1/2 Frank,W-Baulig,B/Hessen-ch B20 1997/EXT 2002 (32)}) 11. Nf3 O-O 12. Bd3
Bd7 (12... Qf7 $5 {[%cal Gc5c4,Gf6e4]}) 13. Ne5 c4 (13... Qe8 $5) 14. Be2 Qe8
15. f3 (15. Bh6 Qe7 $5 16. Bg5 Rae8 $11) (15. Bf3 $5 Nxe5 16. dxe5 Ne4 17. Bxe4
dxe4 $13 {[%cal Gd7c6]}) 15... Nh5 $1 16. Qh4 (16. Qg4 Nxe5 17. dxe5 Qg6) 16...
h6 17. Bd2 Nxe5 18. dxe5 g5 $1 {A brave and correct idea!} 19. Qg4 Nf4 20. h4 {
White is trying to exploit the not so stable position of the black king, but...
} Qb8 $1 {and it becomes clear, that Black has a good game with many tactical
possibilities.} 21. g3 (21. hxg5 $5 h5 (21... Qxe5 22. gxh6+ Kh7 23. Qg7+ Qxg7
24. hxg7+ Kxg7 25. g3 Nxe2 26. Bh6+ (26. Kxe2 Rh8 $11) 26... Kg8 27. Bxf8 Nxg3
28. Rg1 Rxf8 29. Rxg3+ Kf7 $13) 22. Qxf4 $5 (22. Qg3 Qxe5 23. Qf2 Ba4 $36)
22... Rxf4 23. Bxf4 Be8 $132) 21... Nxe2 22. f4 $5 (22. hxg5 Qxe5 23. gxh6+ Kh7
24. Qg7+ Qxg7 25. hxg7+ Kxg7 {leads to previous line.}) 22... Nxg3 $1 23. Qxg3
(23. hxg5 $4 Nf5 $19) 23... g4 $1 (23... Be8 24. hxg5 h5 25. g6 $1 $36) 24.
Qxg4+ Kh7 25. O-O-O (25. Rg1 $6 Rg8 $17) 25... Rg8 26. Qf3 Qf8 {[%cal Gf8f5,
Gd7a4]} 27. f5 $5 {This pawn sacrifice is the only way to complicate the
situation. Otherwise, White is doomed.} Qxf5 (27... Qxa3+ 28. Kb1 exf5 29. Qxd5
$132) 28. Qe3 Qh5 29. Rdf1 Raf8 30. Kb2 Be8 (30... b6 $5 $15) 31. Qc5 (31. Qxa7
Qxe5 32. Qxb7+ Rg7) 31... Rf5 (31... Rxf1 $5 32. Rxf1 Bg6 33. Qe3 Bf5 $17) 32.
Rxf5 Qxf5 33. Qe3 Qh5 34. Rf1 Bg6 $6 (34... Qxh4 $142 $5 35. Qxa7 Bg6 {with a
clear advantage of Black.}) 35. Rf6 $1 {In this position Black's advantage is
already under question.} Re8 36. Qxa7 Qxe5 (36... Qxe5 37. Qxb7+ Kh8 38. Rxg6
Rb8 39. Rxh6+ Kg8 40. Rg6+ Kh8 $11) 1/2-1/2

[Event "POL Supercup"]
[Site "Warsaw"]
[Date "2001.06.23"]
[Round "1"]
[White "Kuczynski, Robert"]
[Black "Grabarczyk, Bogdan"]
[Result "1-0"]
[WhiteElo "2509"]
[BlackElo "2444"]
[Annotator "Psakhis,L"]
[PlyCount "83"]
[EventDate "2001.06.23"]
[EventType "team"]
[EventRounds "2"]
[EventCountry "POL"]
[SourceTitle "CBM 084"]
[Source "ChessBase"]
[SourceDate "2001.09.13"]
[SourceVersion "1"]
[SourceVersionDate "2001.09.13"]
[SourceQuality "1"]

1. e4 e6 2. d4 d5 3. Nc3 Bb4 4. e5 c5 5. a3 Bxc3+ 6. bxc3 Qc7 7. Nf3 Nd7 {
[%cal Gd7b6] Interesting idea,Grabarczyk wants to bring knight on b6. More
commom continuation is} (7... Ne7 {or}) (7... b6 {[%cal Gc8a6]}) 8. a4 Ne7 9.
Bd3 c4 (9... b6 10. O-O O-O 11. Bxh7+ Kxh7 12. Ng5+ Kg6 13. Qg4 f5 14. Qh4 Nxe5
15. Bf4 N7c6 16. dxe5 Nxe5 17. Rae1 Ba6 18. Rxe5 {1-0 Andersen,L-Larsen,T/
Esbjerg 1996 (18)}) 10. Be2 a5 $5 $146 {[%csl Ra4] Great Mikhil Botvinnik used
this plan sometimes. White cannot keep a pawn after this move, but in exchange
he will get strong bishop on a3 and possibilities for active play on the
king's side.} (10... Qa5 11. Qd2 Nb6 12. Ba3 Bd7 13. Bb4 Qa6 14. a5 Nbc8 15.
Qf4 Ng6 16. Qg5 h6 17. Qg4 h5 18. Qg5 h4 19. h3 $14 {Kaufmann,A-Cross,R/
Hollywood 1954/0-1 (61)}) (10... f6 $5 11. exf6 gxf6 12. O-O Ng6 13. g3 Ndf8
14. Bh6 Rg8 15. Qd2 Bd7 16. h4 O-O-O $13 {Kuindzi-Antoshin,V/USSR 1971/1-0 (40)
}) 11. h4 Nb6 12. h5 h6 13. Nh4 Bd7 14. Rh3 Nxa4 15. Rg3 Rg8 16. Ba3 b5 17. Qd2
Qb6 $6 {Wasting of time.} ({He had to play} 17... Ra6 {[%cal Ga6b6,Gc7b8,Gb5b4]
} 18. Bd6 $140 $6 Rxd6 19. exd6 Qxd6 $17) 18. Rb1 Qd8 19. Qf4 Rb8 20. Bd6 Rb6
21. Rf3 Nf5 ({Worth considering} 21... Rf8 $5 22. Ng6 $1 Nxg6 23. hxg6 f5 24.
Bxf8 Kxf8 25. g4 $1 Qe8 $14 {with some chances to hold position}) 22. Nxf5 exf5
23. Rg3 $1 {[%cal Rf4h6]} Be6 24. Qxh6 $1 Nxc3 $2 {Capitulation! Black should
take queen and after} (24... gxh6 25. Rxg8+ Kd7 26. Rxd8+ Kxd8 27. Kd2 $16 {
[%csl Rh6][%cal Gf2f3,Gg2g4] try to safe difficult ending}) 25. Qh7 Kd7 26.
Rxc3 b4 27. Rg3 Kc6 {[%csl Rh7]} 28. Be7 $1 {Avoiding simple trap:} (28. Rxg7
$2 Rh8 {[%csl Rh7]}) 28... Qe8 29. Bf6 a4 {Getting fun , at least!.} 30. Bxg7
a3 31. Qh6 Kd7 (31... b3 32. cxb3 a2 33. Ra1 cxb3 34. Qc1+ Kb7 35. Qb2 $18 {
[%cal Rh5h8] and h pawn will decide .}) 32. Bd1 Qa8 33. Qd2 f4 {Last attempt
to catch fish in dirty water.} (33... Rgb8 34. h6 b3 35. cxb3 cxb3 (35... a2
36. Ra1 cxb3 37. Qb2) 36. Rgxb3 a2 (36... Rxb3 37. Rxb3 a2 38. Rxb8 Qxb8 39.
Qxa2) 37. Ra1 Rxb3 38. Qxa2 $18 {[%csl Gh6]}) 34. Qxf4 b3 (34... a2 35. Ra1 Qa5
36. Kf1) 35. cxb3 Rgb8 36. Bg4 {[%cal Rf4f7] Beggining of the end} f5 37. Bxf5
a2 38. Ra1 cxb3 39. Bxe6+ Rxe6 40. Qf7+ Re7 41. e6+ Kc6 42. Rc3+ 1-0

[Event "Zuerich Kortschnoj-B"]
[Site "Zuerich"]
[Date "2001.04.28"]
[Round "2"]
[White "Svidler, Peter"]
[Black "Hug, Werner"]
[Result "1/2-1/2"]
[WhiteElo "2695"]
[BlackElo "2470"]
[Annotator "Psakhis,L"]
[PlyCount "47"]
[EventDate "2001.04.28"]
[EventType "tourn"]
[EventRounds "5"]
[EventCountry "SUI"]
[EventCategory "15"]
[SourceTitle "CBM 083"]
[Source "ChessBase"]
[SourceDate "2001.07.05"]
[SourceVersion "1"]
[SourceVersionDate "2001.07.05"]
[SourceQuality "1"]

1. e4 e6 2. d4 d5 3. Nc3 Bb4 4. e5 c5 5. a3 Ba5 {This move became very popular,
thanks to efforts of Lputian and Vaganian.} 6. Qg4 ({Maybe} 6. b4 {is more
ambitios try, but many strong GM ( Leko, Svidler, Short, Sutovsky) prefer text,
which leads to also very complicated, but not so force lines.}) 6... Ne7 7.
dxc5 Bxc3+ 8. bxc3 Nd7 9. Nf3 Ng6 {White's pawn structure looks terrible but
pair of bishops and active position of all pieces fully compensate this defect.
} 10. Bd3 (10. h4 h5 $5 (10... Qc7 11. Qg3 Nxc5 12. Bb5+ Bd7 13. Bxd7+ Nxd7 14.
O-O Nc5 15. h5 Ne4 16. Qg4 Nxe5 17. Nxe5 Qxe5 18. Rb1 b6 {1-0 Descovich,
J-Behrmann,K/corr 1996 (36)}) 11. Qd4 (11. Qg3 Nxc5 {[%cal Gc5e4]}) 11... Qa5
12. a4 Ne7 {[%cal Ge7f5]} 13. Bb5 Nc6 14. Qe3 a6 15. Bxc6 bxc6 16. Nd4 Qc7 $13
{0-1 Pietrow,A-Barsov,A/Utrecht op 1999 (31)}) 10... Nxc5 11. Be3 Qc7 12. O-O
O-O $146 ({Vaganian played} 12... Bd7 {and comfortably equalized chances after}
13. Bxc5 Qxc5 14. h4 Qxc3 15. Qg3 O-O-O 16. Rab1 f6 17. Rfe1 Nxe5 18. Nxe5 fxe5
19. Qxg7 Rdg8 20. Qxe5 Qxe5 21. Rxe5 Kc7 22. c4 {1/2-1/2 Leko,P-Vaganian,R/
Istanbul olm 2000/ (22)}) 13. Bd4 (13. Bxc5 Qxc5 14. h4 Qxc3 {[%cal Gg6e5]})
13... b6 14. Rfe1 ({Black doing well and after} 14. h4 Nxd3 15. cxd3 Ne7 $1 $11
{[%cal Ge7f5,Gc8a6]}) 14... f5 15. Qh5 $6 {I think Svidler overstimated his
chances for attack in this moment.} ({Best what White could do now is to play} 
15. exf6 $5 e5 16. Qg3 Nxd3 17. cxd3 gxf6 18. Nh4 (18. Be3 Kh8 $13) 18... Qg7
$11) 15... Nf4 16. Qh4 (16. Qg5 Ncxd3 17. cxd3 Nxd3 18. Re3 h6) 16... Ncxd3 17.
cxd3 Nxd3 18. Re3 Nc5 {[%cal Gc5e4]} 19. Ng5 h6 20. Nh3 {Surely White have
some compensation for a pawn but good question is it enough?} Qd8 ({Worth
consideration} 20... Ne4 $5 21. f3 Nd2 {[%cal Gd2b3,Gd2c4]}) 21. Qh5 Qe8 22.
Qh4 Qd8 23. Qh5 (23. Qg3 Ne4) 23... Qe8 24. Qh4 {Hug won theorethical duel and
didn't want to take serious risk against so strong opponent.} 1/2-1/2

[Event "Pamplona 14th"]
[Site "Pamplona"]
[Date "2004.12.22"]
[Round "1"]
[White "De la Riva Aguado, Oscar"]
[Black "Vaganian, Rafael A"]
[Result "1-0"]
[WhiteElo "2528"]
[BlackElo "2640"]
[Annotator "Psakhis,L"]
[PlyCount "73"]
[EventDate "2004.12.22"]
[EventType "tourn"]
[EventRounds "7"]
[EventCountry "ESP"]
[EventCategory "16"]
[SourceTitle "CBM 105"]
[Source "ChessBase"]
[SourceDate "2005.04.11"]
[SourceVersion "1"]
[SourceVersionDate "2005.04.11"]
[SourceQuality "1"]

1. e4 e6 2. d4 d5 3. Nc3 Bb4 4. e5 c5 5. a3 Ba5 6. b4 cxd4 7. Qg4 Ne7 8. bxa5
dxc3 9. Qxg7 Rg8 10. Qxh7 Nbc6 11. Nf3 Qc7 12. Bf4 (12. Bb5 Bd7 13. Bxc6 {
A new move in old variation and as shows the game it's not exactly an
improvment!} Bxc6 14. O-O $6 {Another inaccuracy after which white finds
himself in serious troubles.} (14. Qd3 Rxg2 15. Bf4 (15. Qxc3 d4 $1) 15... Qxa5
16. Bg3 O-O-O 17. Qf1 Rxg3 18. hxg3 d4 $17) 14... d4 15. Ng5 Qxe5 16. Qxf7+ Kd7
17. Qf4 $2 {Missing simple,but extremly beuatiful tactical blow immideatly
finishing the game. After correct} (17. f4 Qd5 18. Nf3 Rae8 {[%csl Ra1,Rc1]} (
18... Rxg2+ $5 19. Kxg2 Rg8+ 20. Kh3 (20. Kh1 Qxf3+ 21. Rxf3 Bxf3#) (20. Qxg8
Nxg8 21. Kg3 Nf6 22. Ne5+ Kc7 $17) 20... Rh8+ 21. Kg3 Rg8+ $11) 19. g3 Kc8 20.
a4 Nf5 $17 {[%csl Rg3][%cal Gc6g2] black has much better prospects,but white
can hold on.}) 17... Rxg5 $1 18. Qxg5 Rg8 $3 $19 {[%csl Rg2][%cal Gg7g2]} 19.
Qxe5 Rxg2+ 20. Kh1 Rxf2+ 21. Kg1 Rg2+ 22. Kh1 Rg3+ {0-1 Rogulj,B-Atlas,D/
Dresden zt 1998/CBM 65/}) (12. Kd1 Bd7 13. Ng5 O-O-O 14. Nxf7 Nf5 15. Nxd8 Rxd8
16. f4 Qxa5 17. g4 Nfe7 18. Bd3 d4 19. Rg1 Nd5 20. Rb1 Ne3+ {1-0 Vazquez,
R-Rodriguez Gonzalez,J/Madrid-ch 2004/ChessBase (30)}) 12... Qxa5 (12... Rg4
13. g3 Bd7 14. Bd3 O-O-O 15. Qxf7 Rgg8 16. Bh7 Rgf8 17. Qg7 d4 18. Ng5 Nd5 19.
Nf7 Nxf4 20. gxf4 Nxa5 21. Nxd8 Qxd8 22. Rg1 Nc4 {1-0 Biliy,V-Fingerov,D/
Ilyichevsk 2003/ChessBase (38)}) (12... Nxa5 13. Be2 Bd7 14. Ng5 O-O-O 15. Nxf7
Rdf8 16. Bh6 Nf5 17. Bxf8 Rxf8 18. Bd3 Nc4 19. O-O Nxe5 20. Nxe5 Qxe5 21. Rae1
Qd4 22. Bxf5 Rxf5 {1-0 Areshtchenko,A-Tokel,A/Baku jr 1999/ChessBase (48)}) ({
"Normal' continuation is} 12... Bd7 13. a6 O-O-O {but in recent practice White
got big successes and Vaganian it trying relativly new line.}) 13. Bd3 $146 ({
Worth considering and move} 13. Rb1 $5 {which was tested in the next game:} Bd7
14. Ng5 Nxe5 15. h4 Qc7 16. Rh3 Rf8 17. Qg7 N7g6 18. Nh7 Rh8 19. Nf6+ Ke7 20.
Bg5 Kd6 21. h5 Ne7 22. Bf4 N7c6 23. Bb5 {1-0 Fressinet,L-Lputian,S/ICC
Petrosian mem Internet 2004/}) 13... Nb4 ({White chances are better and after} 
13... b6 14. Ng5 Nxe5 15. Be2 $1 Qa4 (15... Bb7 16. Nxe6 $1 fxe6 17. Bxe5 $16)
16. g3 Ba6 (16... f6 17. Bxe5 fxe5 18. h4 $16 Ba6 $140 $2 19. Bxa6 Qxa6 20.
Qf7+ $18)) 14. O-O Nxd3 15. Qxd3 {[%mdl 4]} ({De la Riva had already a nice
choice -} 15. cxd3 $5 Bd7 16. Rfc1 $36 {promise also initiative to white.})
15... b6 16. Rfb1 Ng6 (16... Ba6 17. Qh7 {[%cal Ca6e2,Ce2f3,Gf3d4,Gf3g5]}) 17.
Bg5 Ba6 (17... Qc5 18. h4 $1 $16 {[%csl Gg5,Gh4]}) 18. Qe3 Rc8 {Black is going
to play with the king in center so he must use all other pieces at full power.}
(18... Qc5 19. Nd4 {[%csl Gd4]}) 19. Rb4 (19. Nd4 $5 {[%cal Gf2f5]} Rc4 20. Rd1
$16) 19... Rc4 20. Rxc4 Bxc4 21. h4 $16 {Black has big problems now: white
pawn h4 is too strong.} Kd7 22. h5 Nh8 {[%csl Rh8] This is too much. The
knight goes to an awkward position, at which he is very passive and, more over,
can be easy targeted by white pieces.} ({But and after} 22... Ne7 23. Qf4 (23.
Bxe7 $5 Kxe7 24. Qf4 {[%cal Gh5h6,Gf3g5]}) 23... Nf5 $140 24. g4 $18 {it's
impossible to defend black's position.}) 23. Bf6 Qc5 (23... Kc7 24. Qh6) 24.
Nd4 {White knight is very strong, especially compare to his black colleague!}
Ba6 25. f3 (25. a4 $5) 25... Rc8 26. Qf4 (26. a4 $5) (26. Rd1 $5 Qxa3 $140 27.
Qh6 Qf8 28. Qxf8 Rxf8 29. Ra1 $18) 26... Kc7 27. g4 Kb8 {Finally black king
came to safe place.} 28. Kg2 Qf8 29. Kg3 {White doesn't hurry and simply
improves his position. Black hasn't any counter-play.} Rc4 30. Rd1 {
Undoubtedly the best way to protect important knight.} Bc8 (30... Qxa3 31. Bxh8
$18) (30... Ka8 31. Qg5 Qb8 (31... Qc5 32. Qg8+) 32. f4 Rc8 33. f5 $18) 31. Qg5
$18 {[%csl Rh8][%cal Rg5g7]} Qxa3 32. Bxh8 Rxd4 (32... Qc5 33. Qe3) 33. Rxd4 b5
(33... Qb2 34. Rd3 Qxc2 35. Qe3 $18) 34. Bf6 Qb2 35. Be7 $1 Kb7 (35... Qxc2 36.
Bd6+ Kb7 37. Qe7+ Ka6 38. Bb8) 36. Bd6 {[%cal Cb2b1,Cb1c2,Rg5d8]} Qb1 37. Qe3 (
37. Qe3 Qxc2 38. Rf4 {with mate in few moves. It looks that Black has serious
troubles in this line.}) 1-0

[Event "FIDE-Wch k.o."]
[Site "Moscow"]
[Date "2001.11.30"]
[Round "2.2"]
[White "Zhang, Zhong"]
[Black "Lastin, Alexander"]
[Result "1-0"]
[WhiteElo "2657"]
[BlackElo "2628"]
[Annotator "Psakhis,L"]
[PlyCount "53"]
[EventDate "2001.11.27"]
[EventType "k.o."]
[EventRounds "7"]
[EventCountry "RUS"]
[SourceTitle "CBM 086"]
[Source "ChessBase"]
[SourceDate "2002.02.05"]
[SourceVersion "1"]
[SourceVersionDate "2002.02.05"]
[SourceQuality "1"]

1. e4 e6 2. d4 d5 3. Nc3 Bb4 4. e5 c5 5. a3 Ba5 {"Armenian Variation" still
alive, but White managed to get many successes in last yesr in this line .} 6.
b4 cxd4 7. Nb5 Bc7 8. f4 Ne7 9. Nf3 Bd7 {[%cal Gd7b5]} 10. Nxc7+ {Zhang Zhong
preferes to eliminate dark coloured bishop.} Qxc7 11. Bd3 a6 12. Bb2 {Possible
improvement compare to} (12. a4 Nbc6 13. Qd2 Nf5 14. Bb2 O-O 15. Kf2 f6 16.
Bxf5 fxe5 17. Bh3 Rxf4 18. g3 Rf6 19. Kg2 Nxb4 $1 $17 {1/2-1/2 Timoshenko,
G-Lputian,S/EUR-ch Ohrid 2001/CBM 84 (30)}) 12... Nbc6 (12... Bb5 13. Bxb5+
axb5 14. Nxd4 Qc4 15. Qd3 O-O 16. O-O Nd7 17. Nxb5 $16 {1-0 Lanc,A-Gizynski,T/
Porabka 1986/EXT 2001 (32)}) 13. O-O Rc8 (13... Qb6 14. Kh1 h6 (14... O-O-O 15.
a4 Qxb4 16. Ba3 Qa5 17. Nxd4 Nxd4 18. Bxe7 Rde8 19. Bd6 Bc6 20. c3 Nf5 21. Bxf5
exf5 22. Qd4 Re6 23. Rfb1 Rd8 24. Bc5 Qc7 25. Bb6 Qe7 26. Bxd8 Qxd8 27. Rd1 Qe7
28. Ra2 h5 29. Rad2 Qc7 30. c4 Bxa4 31. cxd5 Bxd1 32. dxe6 Bb3 33. e7 {1-0
Nunn,J-Hug,W/Zürich op 1984 (33)}) 15. Rb1 Rc8 16. Ba1 Nf5 17. Qe1 Qc7 18. Bxf5
{1/2-1/2 Luther,T-Lastin,A/EUR-ch Ohrid 2001/The Week in Chess 344 (18)}) 14.
Qe1 $1 {[%mdl 4]} (14. g4 h6 15. Qe2 b5 16. Kg2 a5 17. Nxd4 Nxd4 18. Bxd4 Qb7
19. f5 Rc4 20. Bxc4 dxc4+ 21. Kg1 exf5 22. gxf5 O-O 23. e6 Nc6 24. Bc5 Re8 25.
exf7+ Kxf7 26. Qh5+ Kg8 27. f6 Re5 28. f7+ Kh7 29. f8=N+ {1-0 Tan,K-Jansen,B/
NED-ch B16 Hengelo 2000/Ajelibre (29)}) 14... Nf5 $146 (14... g6 15. g4 Qb6 16.
Qh4 Ng8 17. Rae1 Qd8 18. Qg3 Nge7 19. h3 b5 20. Qh4 Ng8 21. Qf2 Nge7 22. Kg2
$16 {Olzem,L-Heinsohn,T/OL-NW 1995/1-0 (47)}) ({Maybe Black could castle} 14...
O-O 15. Bxh7+ {but after typical} ({Worth considering} 15. a4 $5) 15... Kxh7
16. Qh4+ Kg8 17. Ng5 Rfe8 18. Qh7+ Kf8 19. Qh8+ Ng8 20. Nh7+ Ke7 21. Qxg7 Kd8
$8 22. Ng5 {white'a attack is too strong}) 15. Qf2 Nce7 {[%cal Gd7b5] Dreaming
about bishop exchange} 16. a4 $1 O-O (16... Ne3 17. Rfb1 N7f5) 17. Nxd4 {
Zhang Zhong perfecty played opening and his advantage is obvious} Nc6 (17...
Nxd4 18. Bxd4 Nf5 19. Bc5 $16 {[%csl Gc5,Gd3]}) 18. Nxc6 Bxc6 (18... Qxc6 19.
b5) 19. b5 Bd7 20. g4 $1 {Last active black piece must go back!} (20. bxa6 bxa6
21. Ba3 Rfe8 22. Bxa6 Ra8 23. Bb5 $140 Bxb5 24. axb5 Qc3) 20... Nh6 21. h3 {
[%csl Rh6]} Qd8 (21... Rfe8 22. f5 exf5 23. g5 $16) 22. Bd4 axb5 23. axb5 {
[%csl Gd3,Gd4,Rd7,Rh6] Compleat domination!Black pieses just can't move} Rc4 {
Desperation, but after} (23... Ra8 24. Rxa8 Qxa8 25. f5 $18 {[%cal Rf5f6]
black's position is terrible}) 24. Bxc4 dxc4 25. Rfd1 Qc8 (25... Bxb5 26. Bc5)
26. Rab1 Re8 27. Bb6 {Great positional achievment of chinise chessplayer.} 1-0